| 000 | 004290000a22001690004500 | ||
|---|---|---|---|
| 020 | _a0-8024-7190-0 | ||
| 041 | 0 | _aENG | |
| 082 | 0 | 4 | _aG 291 V959r |
| 245 | 1 | 0 | _aReligions in a changing world / Howard F. Vos, Editor |
| 260 | _aChicago, ILL., USA : Moody | ||
| 300 | _a443 Pag | ||
| 001 | 8963 | ||
| 942 | _cBK | ||
| 999 |
_c39056 _d39056 |
||
| 336 |
_atexto _btxt _2rdacontent |
||
| 337 |
_2rdamedia _asin mediación _bn |
||
| 338 |
_2rdacarrier _avolumen _bnc |
||